室町幕府の征夷大将軍 - Statistics

General Stats
  • This quiz has been taken 10 times
  • The average score is 7 of 15
Answer Stats
Hint Answer % Correct
足利 尊氏
100%
足利 義満
100%
足利 義昭
100%
足利 義政
90%
足利 義詮
70%
足利 義輝
60%
足利 義教
50%
足利 義尚
40%
足利 義持
30%
足利 義晴
30%
足利 義澄
20%
足利 義量
10%
足利 義勝
10%
足利 義稙
10%
足利 義材
0%
No matching quizzes found
Score Distribution
Percent of People with Each Score
Percentile by Number Answered
Your Score History
You have not taken this quiz